000
00400nam a22001577a 4500
003
MPLRDC
005
20220104124855.0
008
210129b ||||| |||| 00| 0 eng d
082
_a
581.386 MHGH
100
_a
不详
245
_a
马来西亚联合邦宪法
_c
260
_a
_b
马华公会中央文化局
_c
300
_b
平
650
_a
各国宪法--马来西亚
942
_c
BK
_o
581.386 MHGH
999
_c
22842
_d
22832